| 000 | 00471cam a2200157 4500 | ||
|---|---|---|---|
| 001 | 6656 | ||
| 005 | 20250624112353.0 | ||
| 008 | 250523b |||||||| |||| 00| 0 eng d | ||
| 020 | _a9789747551860 | ||
| 082 | _a306.76 JEF | ||
| 100 | 1 | _aJeffrey, Leslie Ann. | |
| 245 | 1 | 0 |
_aSex and borders : _b gender national identity, and prostitution policy in Thailand. |
| 264 | 1 |
_aChiangmai ; _bSilkworm Books., _c2002. |
|
| 300 |
_avi, 191 p. ; _c26 cm. _bill. ; |
||
| 942 |
_2ddc _cMAIN |
||
| 999 |
_c10444 _d10445 |
||